000
00213 a2200097 4500
001
15545
100
_a
Costello, J J
245
_a
Finite Maths With Applications
260
_a
_b
Harcourt
_c
090
_c
12128
_d
12128
942
_a
NUST-CAE
_c
M
_c
2368
999
_c
250618
_d
250618